| 000 | 00387nam a2200145Ia 4500 | ||
|---|---|---|---|
| 008 | 230719s9999 xx 000 0 und d | ||
| 041 | _aeng | ||
| 082 |
_a621.3815'3 _bG.K |
||
| 100 | _aG.K. Publishers | ||
| 245 |
_aDigital Logic And Computer Design _bProblems And Solutions |
||
| 260 |
_c2010 _b G.K. Publishers |
||
| 300 | _a338 | ||
| 365 |
_cRs. _b80.00 |
||
| 700 | _aG.K. Publishers | ||
| 999 |
_c354019 _d354019 |
||